Central Library OPAC University of Rajshahi

হিজরী চতুর্থ ও পঞ্চম শতাব্দীতে হাদীস চর্চার প্রকৃতি ও ধারা : (Record no. 78052)

MARC details
000 -LEADER
fixed length control field 01709nam a2200289 a 4500
001 - CONTROL NUMBER
RUCL Control Number 78052
003 - CONTROL NUMBER IDENTIFIER
rucl marc code BD-RjUL
005 - DATE AND TIME OF LATEST TRANSACTION
control field 20220110145044.0
008 - FIXED-LENGTH DATA ELEMENTS--GENERAL INFORMATION
fixed length control field 210311s2007 bg ||||| m||| 00| 0 ben d
035 ## - SYSTEM CONTROL NUMBER
system control number (BD-RjUL)78052
040 ## - CATALOGING SOURCE
Original cataloging agency BD-RjUL
Language of cataloging ben /eng
Transcribing agency BD-RjUL
Modifying agency BD-RjUL
041 ## - LANGUAGE CODE
Language code of Book ben
082 ## - DEWEY DECIMAL CLASSIFICATION NUMBER
Classification number 297.12516
Author mark and Year HOH 2007
DDC Edition number 23
100 ## - MAIN ENTRY--PERSONAL NAME
Personal name হোসেন, মোহা. এমরান
9 (RLIN) 246135
245 10 - TITLE STATEMENT
Title হিজরী চতুর্থ ও পঞ্চম শতাব্দীতে হাদীস চর্চার প্রকৃতি ও ধারা :
Remainder of title একটি পর্যালোচনা /
Statement of responsibility, etc মোহা. এমরান হোসেন ;
Name of Supervisor/Co-Supervisor সুপারভাইজার : মো. নিজাম উদ্দীন
260 ## - PUBLICATION, DISTRIBUTION, ETC. (IMPRINT)
Place of publication, distribution, etc রাজশাহী :
Name of publisher, distributor, etc আরবী বিভাগ, রাজশাহী বিশ্ববিদ্যলয়,
Date of publication, distribution, etc ২০০৭
300 ## - PHYSICAL DESCRIPTION
Pagination x, [১]. ৩৬৩ পাতা ;
Dimensions ২৯ সেমি.
502 ## - DISSERTATION NOTE
Dissertation note থিসিস (পিএইচ. ডি.) -- আরবী বিভাগ, রাজশাহী বিশ্ববিদ্যলয়, ২০০৭
504 ## - BIBLIOGRAPHY, ETC. NOTE
Bibliography, etc গ্রন্থপঞ্জী : [৩৪১]-৩৬৩
600 ## - SUBJECT ADDED ENTRY--PERSONAL NAME
Personal name
650 ## - SUBJECT ADDED ENTRY--TOPICAL TERM
Topical term or geographic name as entry element হাদিস
General subdivision সমালোচনা, ব্যাখ্যা ইত্যাদি
-- ইতিহাস
Chronological subdivision ৪র্থ-৫ম হিজরী
9 (RLIN) 246250
Topical term or geographic name as entry element Hadith
General subdivision Criticism, interpretation, etc.
-- History
Chronological subdivision 4th-5th Hijri
9 (RLIN) 246251
Topical term or geographic name as entry element ইসলাম
General subdivision মতবাদ
9 (RLIN) 246252
Topical term or geographic name as entry element Islam
General subdivision Doctrines
9 (RLIN) 246253
700 ## - ADDED ENTRY--SUPERVISOR/CO-SUPERVISOR NAME
Personal name উদ্দীন, মো. নিজাম, সুপারভাইজার
9 (RLIN) 632
942 ## - ADDED ENTRY ELEMENTS (KOHA)
Source of classification or shelving scheme Dewey Decimal Classification
Koha item type Theses
Holdings
Source of classification or shelving scheme Damaged status Not for loan Collection code Permanent Location Current Location Shelving location Date of accession Source of acquisition Total Checkouts Full call number Barcode Date last seen Copy number Thesis
Dewey Decimal Classification   Not For Loan Theses Central Library, University of Rajshahi Central Library, University of Rajshahi Documentation Section 20/11/2007 Controller of Exam., R.U   BTHE 297.12516 HOH 2007 D2700 16/03/2021 C-1 Theses